000 00470nam a2200181Ia 4500
001 17151
003 IN-NITTTR
005 20251114233202.0
008 251113s9999||||xx |||||||||||||| ||eng||
040 _beng
040 _cIN-NITTTR
041 _aeng
082 _a370.78 B645E
100 _aBorg, Walter R.
245 0 _aEducational research :
_b an introduction. /
_cBorg, Walter R., Gall, Meredith Damien
700 _a Gall, Meredith Damien
942 _2ddc
_cBK
999 _c19785
_d19785